Landscape and pattern : an archaeological survey of Samaria 800 B.C.E.-636 C.E. /

Bibliographic Details
Main Author: Dar, Shimʻon
Other Authors: Applebaum, Shimon
Format: Book
Language:English
Published: Oxford, England : B.A.R., 1986.
Series:BAR international series ; 308 (i-ii)
Subjects:

MARC

Tag First Indicator Second Indicator Subfields
LEADER 00000cam a2200000 a 4500
001 in00000011853
005 20151007051717.0
008 871005s1986 enka b 00010 eng
010 |a  86231704  
020 |a 0860543951 (pbk. : set) :  |c £35.00 
035 |a (OCoLC)16923794 
035 |9 AAA4399AM 
040 |a DLC  |c DLC  |d TXA  |d UtOrBLW 
043 |a a-is--- 
049 |a TXAM  |d [  |v = pt.]  |v 1 [A11027965]  |v 2 [A11028018] 
050 0 0 |a DS110.S3  |b D36 1986 
082 0 |a 933  |2 19 
100 1 |a Dar, Shimʻon. 
245 1 0 |a Landscape and pattern :  |b an archaeological survey of Samaria 800 B.C.E.-636 C.E. /  |c Shimon Dar ; with a historical commentary by Shimon Applebaum. 
264 1 |a Oxford, England :  |b B.A.R.,  |c 1986. 
300 |a 2 volumes :  |b illustrations ;  |c 30 cm. 
336 |a text  |b txt  |2 rdacontent 
337 |a unmediated  |b n  |2 rdamedia 
338 |a volume  |b nc  |2 rdacarrier 
490 1 |a BAR international series ;  |v 308 (i-ii) 
504 |a Includes bibliography. 
651 0 |a Samaria (West Bank : Region)  |x Antiquities. 
650 0 |a Excavations (Archaeology)  |z West Bank  |z Samaria (Region) 
651 0 |a West Bank  |x Antiquities. 
700 1 |a Applebaum, Shimon. 
830 0 |a BAR international series ;  |v 308 (i-ii) 
999 |a MARS 
999 f f |s e0ae113b-969f-3499-9870-f1efe6e7d76a  |i 93fa96b8-b2d5-3755-8edc-799767f85459  |t 0 
952 f f |p ric  |a Texas A&M University  |b Rellis Campus  |c Joint Library Facility  |d Remote Storage  |t 0  |e DS110.S3 D36 1986  |h Library of Congress classification  |i unmediated -- volume  |k pt.2  |m A14811028018 
952 f f |p ric  |a Texas A&M University  |b Rellis Campus  |c Joint Library Facility  |d Remote Storage  |t 0  |e DS110.S3 D36 1986  |h Library of Congress classification  |i unmediated -- volume  |k pt.1  |m A14811027965 
998 f f |a DS110.S3 D36 1986  |s pt.1-pt.2  |t 0  |l Remote Storage